Statistics for Indiana Pacers Nicknames

Click here to take the quiz!

General Stats

  • This quiz has been taken 37 times
  • The average score is 3 of 5

Answer Stats

Nickname Player % Correct
PG13Paul George
100%
The Knick KillerReggie Miller
81%
The Dunking DutchmanRik Smits
73%
Born ReadyLance Stephenson
46%
Psycho TTyler Hansbrough
35%

Score Distribution

Percentile by Number Answered

Percent of People with Each Score

Your Score History

You have not taken this quiz